000 00967pam a2200265 a 4500
001 3942485
005 20180116035253.0
008 930618s1993 inu b 000 0 eng
010 _a 93024370
020 _a0872202054 (alk. paper)
020 _a0872202046 (pbk. : alk. paper)
040 _aDLC
_cDLC
_dDLC
041 _aeng
080 _a330.153
082 0 0 _a330.153 DIC
_220
100 1 _a19
101 _aSHP
240 1 0 _aInquiry into the nature and causes of the wealth of nations.
_kSelections
245 1 3 _aAn inquiry into the nature and causes of the wealth of nations :
_cAdam Smith ; abridged with commentary and notes, by Laurence Dickey.
504 _aIncludes bibliographical references (p. 260-263).
740 0 _aWealth of nations.
906 _a7
_bcbc
_corignew
_d1
_eocip
_f19
_gy-gencatlg
942 _2ddc
_cBK
999 _c40337
_d40337